|
|
|
|
| LEADER |
00000nam0a2200000 4500 |
| 001 |
310238 |
| 005 |
20231102002251.0 |
| 010 |
|
|
|a 9785282034431
|
| 035 |
|
|
|a (RuTPU)RU\TPU\book\335587
|
| 090 |
|
|
|a 310238
|
| 100 |
|
|
|a 20151123d2015 k y0rusy50 ca
|
| 101 |
0 |
|
|a rus
|
| 102 |
|
|
|a RU
|
| 105 |
|
|
|a a z 011zy
|
| 200 |
1 |
|
|a Алгоритмы радиобиологии. Атомная радиация, космос, звук, радиочастоты, сотовая связь
|e очерки научного пути
|f Ю. Г. Григорьев
|g Федеральный медицинский биофизический центр имени А. И. Бурназяна (ФМБЦ)
|
| 210 |
|
|
|a Москва
|c Экономика
|d 2015
|
| 215 |
|
|
|a 264 с.
|c ил.
|
| 330 |
|
|
|a Книга издана в связи с 90-летием Григорьева Юрия Григорьевича — профессора, доктора медицинских наук, Лауреата Государственной премии.В книге представлено краткое научное обобщение итогов 65-летней научной деятельности профессора Ю.Г. Григорьева, включая исследования по радиобиологии и радиационной безопасности в первые десятилетия осуществления Государственной программы создания атомного оружия и использования атомной энергии в мирных целях, по обеспечению радиационной безопасности первых пилотируемых космических полетов, по проблеме гигиенической оценки опасности ряда физических факторов внешней среды, инфразвука, гипогеомагнитного поля, ЭМП РЧ, включая оценку электромагнитной опасности сотовой связи для населения.Особое внимание автор уделяет своим руководителям на первых этапах своей научной деятельности, коллективам институтов и научных центров, в которых проходило формирование автора как ученого и осуществлялась его научная деятельность.Обобщены результаты педагогической деятельности профессора Ю.Г. Григорьева.
|
| 606 |
1 |
|
|a Радиобиология
|2 stltpush
|3 (RuTPU)RU\TPU\subj\70460
|9 84720
|
| 610 |
1 |
|
|a алгоритмы
|
| 610 |
1 |
|
|a атомная радиация
|
| 610 |
1 |
|
|a космос
|
| 610 |
1 |
|
|a звук
|
| 610 |
1 |
|
|a радиочастоты
|
| 610 |
1 |
|
|a сотовая связь
|
| 610 |
1 |
|
|a ионизирующее излучение
|
| 610 |
1 |
|
|a биологическое действие
|
| 610 |
1 |
|
|a космическая радиобиология
|
| 610 |
1 |
|
|a инфразвук
|
| 610 |
1 |
|
|a гипогеомагнитные поля
|
| 675 |
|
|
|a 577.346
|v 4
|
| 700 |
|
1 |
|a Григорьев
|b Ю. Г.
|g Юрий Григорьевич
|
| 712 |
0 |
2 |
|a Федеральный медицинский биофизический центр имени А. И. Бурназяна (ФМБЦ)
|c (Москва)
|c (2007- )
|2 stltpush
|3 (RuTPU)RU\TPU\col\21557
|
| 801 |
|
1 |
|a RU
|b 63413507
|c 20151123
|
| 801 |
|
2 |
|a RU
|b 63413507
|c 20160408
|g RCR
|
| 900 |
|
|
|a Радиобиология
|
| 942 |
|
|
|c BK
|
| 959 |
|
|
|a 147/20151123
|d 1
|e 690,00
|f ЧЗТЛ:1
|